| 000 | 00624nam a22002297a 4500 | ||
|---|---|---|---|
| 003 | UA-OsUOA | ||
| 001 | 95093 | ||
| 007 | ta | ||
| 008 | 20130225b un ||||| |||| 00| 0 ukr d | ||
| 100 | _aІвашкевич Я. | ||
| 090 |
_a821.162.1 _bІ - 24 |
||
| 942 | _cBK | ||
| 040 |
_aUA-OsUOA _bukr _cUA-OsUOA _dUA-OsUOA |
||
| 245 |
_aТвори _bпоезії, повісті та оповідання |
||
| 300 | _a502 с. | ||
| 955 | _a3 | ||
| 041 | _aukr | ||
| 080 | _a821.162.1 | ||
| 260 |
_aК. _bДніпро _c1979 |
||
| 650 | 7 |
_a82 Література. Літературознавство _2UDC |
|
| 999 |
_c381341 _d381341 |
||